Hohere algebra

Αποθηκεύτηκε σε:
Λεπτομέρειες βιβλιογραφικής εγγραφής
Κύριος συγγραφέας: Dickson, Leonard E. (Leonard Eugene), 1874-1957
Άλλοι συγγραφείς: Bodewig, Ewald (Επιμελητής έκδοσης)
Μορφή: Βιβλίο
Γλώσσα:German
Δημοσίευση: Leipzig ; Berlin : B. G. Teubner, 1929.
Θέματα:
Ετικέτες: Προσθήκη ετικέτας
Δεν υπάρχουν, Καταχωρήστε ετικέτα πρώτοι!

MARC

LEADER 00000cam a2200000 i 4500
001 1/5899
008 100319s1929 gw ||| | ger||
035 |l 10107324 
040 |a GR-MY-UA  |b gre  |e aacr 
041 0 |a ger 
082 0 |a 512   |2 (22) 
100 1 |a Dickson, Leonard E.   |q (Leonard Eugene),   |d 1874-1957. 
245 1 0 |a Hohere algebra /   |c autorisierte Deutsche Ausgabe von L. E. Dickson ; herausgegeben von Ewald Bodewig.  
260 |a Leipzig ;   |a Berlin :   |b B. G. Teubner,   |c 1929.  
300 |a vii, 241 σ. :   |b διαγρ. ;   |c 20 εκ.  
504 |a Περιέχει ευρετήριο.  
650 0 0 |a Algebra. 
700 1 |a Bodewig, Ewald,  |e edt 
852 |a INST  |b SAMOS  |c MAG  |e 20100319  |h 512 DIC  |p 005300030513  |q 005300030513  |t BK  |y 0 
901 |a BIBL3-2010-1 
909 |a Σ  |b 161928 
970 |a ΣΙΤΖΙΜΗ  |b ΓΙΑΣΕΜΗ  |z 2010/03/19